Politics, society and democracy : Latin America
Αποθηκεύτηκε σε:
| Άλλοι συγγραφείς: | , |
|---|---|
| Μορφή: | Βιβλίο |
| Γλώσσα: | English |
| Δημοσίευση: |
Colorado :
Westview Press,
c1998
|
| Θέματα: | |
| Ετικέτες: |
Προσθήκη ετικέτας
Δεν υπάρχουν, Καταχωρήστε ετικέτα πρώτοι!
|
MARC
| LEADER | 00000nam a2200000 i 4500 | ||
|---|---|---|---|
| 001 | 1/24207 | ||
| 008 | 981126s1998 eng d | ||
| 020 | |a 0-8133-8548-2 | ||
| 035 | |l 10037040 | ||
| 040 | |a GR-MY-UA |b gre |e aacr | ||
| 041 | 0 | |a eng | |
| 082 | 0 | |a 320.982 | |
| 245 | 1 | 0 | |a Politics, society and democracy : |b Latin America / |c edited by Scott Mainwaring and Arturo Valenzuela |
| 260 | |a Colorado : |b Westview Press, |c c1998 | ||
| 300 | |a 266 p. | ||
| 504 | |a Includes bibliographical references and index | ||
| 650 | 0 | 0 | |a Authoritarianism |z Latin America. |
| 650 | 0 | 0 | |a Executive power |z Latin America. |
| 650 | 0 | 0 | |a Democracy |z Latin America. |
| 651 | 0 | |a Latin America |x Politics and government. | |
| 700 | 0 | |a Mainwaring, Scott |d 1954- |4 edt | |
| 700 | 0 | |a Valenzuela, Arturo |d 1944- |4 edt | |
| 852 | |a INST |b LESVOS |e 19981126 |h 320.982 POL |p 005100017380 |q 005100017380 |t BK |y 0 | ||
| 901 | |a BIBL-1999-1 | ||
| 909 | |a Λ |b 060049 | ||
| 922 | |a 1ΕΛΗ |b 199810 |c ΚΠΣ/ΤΚ |d ΠΑΠΑΣΩΤΗΡΙΟΥ | ||
| 950 | |a 103-1998-07-27 | ||